000 00268nam a2200121Ia 4500
999 _c7200
_d7200
008 200302s9999 xx 000 0 und d
100 _aAllan B Jacobs
245 _aGreat Streets
260 _bThe MIT Press Publisher
260 _c1995
300 _a330
942 _2ddc